House / (Record no. 95468)
[ view plain ]
| 000 -LEADER | |
|---|---|
| fixed length control field | 00692pam a2200241 a 4500 |
| 008 - FIXED-LENGTH DATA ELEMENTS--GENERAL INFORMATION | |
| fixed length control field | |
| 020 ## - INTERNATIONAL STANDARD BOOK NUMBER | |
| International Standard Book Number | 0395363179 (hbk.): |
| Terms of availability | $17.95 |
| 049 ## - LOCAL HOLDINGS (OCLC) | |
| Holding library | MAIN |
| 090 ## - LOCALLY ASSIGNED LC-TYPE CALL NUMBER (OCLC); LOCAL CALL NUMBER (RLIN) | |
| Classification number (OCLC) (R) ; Classification number, CALL (RLIN) (NR) | TH4811 |
| 003 - CONTROL NUMBER IDENTIFIER | |
| control field | |
| 005 - DATE AND TIME OF LATEST TRANSACTION | |
| control field | 20230120131024.0 |
| 040 ## - CATALOGING SOURCE | |
| Transcribing agency | NUST |
| 100 10 - MAIN ENTRY--PERSONAL NAME | |
| Personal name | Kidder, Tracy. |
| 245 10 - TITLE STATEMENT | |
| Title | House / |
| Statement of responsibility, etc. | Tracy Kidder. |
| 260 0# - PUBLICATION, DISTRIBUTION, ETC. | |
| Place of publication, distribution, etc. | Boston : |
| Name of publisher, distributor, etc. | Houghton Mifflin, |
| Date of publication, distribution, etc. | 1985. |
| 300 ## - PHYSICAL DESCRIPTION | |
| Extent | 341 p. : |
| Other physical details | ill., plans ; |
| Dimensions | 24 cm. |
| 500 ## - GENERAL NOTE | |
| General note | Plans on lining papers. |
| 500 ## - GENERAL NOTE | |
| General note | "A Richard Todd book"--Verso t.p. |
| 504 ## - BIBLIOGRAPHY, ETC. NOTE | |
| Bibliography, etc. note | Includes bibliographical references. |
| 650 #0 - SUBJECT ADDED ENTRY--TOPICAL TERM | |
| Topical term or geographic name entry element | House construction. |
| 907 ## - LOCAL DATA ELEMENT G, LDG (RLIN) | |
| a | .b10187017 |
| b | 24-01-07 |
| c | 23-01-06 |
| 942 ## - ADDED ENTRY ELEMENTS (KOHA) | |
| Koha item type | Ordinary Loan Books |
| Call number prefix | TH4811 |
| Date last seen | Total Checkouts | Full call number | Barcode | Cost, replacement price | Price effective from | Koha item type | Lost status | Source of classification or shelving scheme | Damaged status | Not for loan | Collection | Withdrawn status | Home library | Current library | Shelving location | Date acquired | Cost, normal purchase price |
|---|---|---|---|---|---|---|---|---|---|---|---|---|---|---|---|---|---|
| 01/20/2023 | TH4811 KID. | 92003000546 | 80.00 | 01/20/2023 | BOOKS | LCC | NFIC | FOBE | FOBE | GEN | 01/20/2023 | 80.00 |